000 02234cam a2200385 a 4500
001 000003162
005 20200929150340.0
008 980112s1997 xxua b 010 0 spa
010 _a98103242
040 _aDO-SdBNP
_cDLC
_dDLC
082 _aM860.9
_bA696h
245 0 0 _aHomenaje a Fredo Arias de la Canal :
_bcon ensayos de los Premios Vasconcelos /
_cJean Aristeguieta ... [et al. ; jefe de redaccion, Ubaldo DiBenedetto ; asistentes, Berenice Garmendia, Ivan Garmendia, Fredo Arias King].
246 3 0 _aFredo Arias de la Canal
260 _a[Cambridge, Mass.? :
_bs.n.],
_c1997
_e([Cambridge, Mass.?] :
_fKirby Lithographic)
300 _a205 p. :
_bil. ;
_c23 cm.
500 _a"Volumen especial que contiene estudios, articulos, notas y textos ineditos relativos al homenaje a Fredo Arias de la Canal"--Added t.p.
504 _aIncludes bibliographical references.
505 0 _aSor Juana Inés de la Crúz y el padre Antonio Vieira / Joaquim Montezuma de Carvalho -- Fernando de Herrera : defensor de la lengua / Ubaldo DiBenedetto -- La arquitectura prerrománica asturiana y su pintura mural / Magín Berenguer Alonso -- La poesía de Alfonso Reyes / Alicia Reyes -- A la búsqueda de una interpretación de la poesía / Odon Betanzos Palacios -- Poemario "Des-retratos" / Alfonso Larrahona Kästen -- Adiviña adiviñanza! / José Rubia Barcia -- La filosofía poética de Amado Nervo / Norma Suiffet -- Descubrimiento de un anagrama de Miguel de Cervantes / Guillermo Schmidhuber de la Mora.
650 4 _aLiteratura mexicana
_xHistoria y critica
_99993
700 1 _aMontezuma de Carvalho, Joaquim
_99994
700 1 _aBerenguer Alonso, Magín
_99995
700 1 _aReyes, Alicia
_99996
700 1 _aBetanzos Palacios, Odon
_99997
700 1 _aLarrahona Kästen, Alfonso
_99998
700 1 _aRubia Barcia, José
_99999
700 1 _aSuiffet, Norma
_910000
700 1 _aSchmidhuber de la Mora, Guillermo
_910001
700 1 _aArias de la Canal, Fredo.
_98096
700 1 _aAristeguieta, Jean.
_910002
700 1 _aDiBenedetto, Ubaldo.
_910003
700 1 _aGarmendia, Berenice.
_910004
700 1 _aGarmendia, Ivan.
_910005
700 1 _aArias King, Fredo.
_910006
910 _aCatalogación por copia / LC
999 _c2993
_d2993